LEADER 01267nam a2200313 u 4500 001 000000076501 003 CaOOAMICUS 005 20070226123222.0 008 031203s1983 it u000 u ita u 020 $a8872930731 035 $a10978293 040 $aPUL(R)$bita 041 1 $aita$hspa 100 1 $aAlessandri, Hernán.$0(OLS)http://pul/name/50897 245 10$aEvangelizzazione e dinamica culturale in America Latina /$cHernan Alessandri-Joaquïn Allende. 260 $aBologna :$bCSEO,$c1983. 300 $a191 p. ;$c20 cm 490 1 $aCSEO biblioteca 490 1 $aCSEO incontri 610 24$aChiesa cattolica$zAmerica latina.$0(OLS)http://pul/subject/3353 700 1 $aAlliende, Joaquïn.$0(OLS)http://pul/name/50898 830 0$aCSEO incontri.$0(OLS)http://pul/title/100339 830 0$aCSEO biblioteca.$0(OLS)http://pul/title/8544 850 $aPUL 852 $aPUL$W1$xSL Filosofia 1$y2$m132(1) B 10$j98279$nBK-PRI$b $qStampati$B98279$CPULBib$Z2$F98279 $HPUL51813 $81 941 1 $a8 996 $6020$a8872930731$9(OLS)http://pul/number/100225 996 $6245$aEvangelizzazione e dinamica culturale in America Latina$9(OLS)http://pul/title/100338 996 $6260$aBologna :$bCSEO$9(OLS)http://pul/publisher/65680 LEADER 01072nam a2200229 u 4500 001 000000016763 003 CaOOAMICUS 005 20070226110029.0 008 941216s1976 fr u000 u fre u 035 $a10391821 040 $aEFR$bita$dPUL(R) 245 00$aHumanisme et foi chrétienne :$bMélanges scientifiques du centenaire de l'Institut catholique de Paris /$cPublié par Charles Kannengiesser et Yves Marchasson. 260 $aParis :$bBeauchesne,$c1976. 300 $aix, 662 p. ;$c27 cm 700 1 $aMarchasson, Yves,$csac.,$d1920-1992.$0(OLS)http://pul/name/11351 700 1 $aKannengiesser, Charles,$b1926-2018.$0(OLS)http://pul/name/6252 850 $aPUL 852 $aPUL$W1$xSL Religione 1$y3$m57 G 47$j23594$nBK-PRI$b $qStampati$B23594$CPULBib$Z2$F23594 $H $81 941 1 $a8 961 $aINV: 56414 996 $6245$aHumanisme et foi chrétienne :$bMélanges scientifiques du centenaire de l'Institut catholique de Paris$9(OLS)http://pul/title/23949 996 $6260$aParis :$bBeauchesne$9(OLS)http://pul/publisher/48115